Lista 25 najstarszych kobiet w historii - Statystyki

Ogólne statystyki
  • Ten quiz został rozwiązany 26 razy
  • Średni wynik to 21 z 25
Statystyki odpowiedzi
# Imię i nazwisko Wiek Kraj % Poprawnych
1 Jeanne Calment 122 lata 164 dni Francja
96%
4 Lucile Randon 118 lat 340 dni Francja
96%
21 Jeanne Bot 116 lat 128 dni Francja
96%
2 Kane Tanaka 119 lat 107 dni Japonia
96%
5 Nabi Tajima 117 lat 260 dni Japonia
96%
9 Chiyo Miyako 117 lat 81 dni Japonia
96%
12 Misao Ōkawa 117 lat 27 dni Japonia
96%
18 Fusa Tatsumi 116 lat 231 dni Japonia
96%
20 Tane Ikai 116 lat 175 dni Japonia
96%
25 Tekla Juniewicz 116 lat 70 dni Polska
91%
13 Francisca Celsa dos Santos 116 lat 349 dni Brazylia
87%
17 Francisca Simao 116 lat 272 dni Brazylia
87%
19 Antonia da Santa Cruz 116 lat 224 dni Brazylia
87%
10 Maria Branyas Morera 117 lat 79 dni Hiszpania
87%
6 Marie-Louise Meilleur 117 lat 230 dni Kanada
87%
3 Sarah Knauss 119 lat 97 dni Stany Zjednoczone
87%
11 Delphia Welford 117 lat 66 dni Stany Zjednoczone
87%
15 Susannah Mushatt Jones 116 lat 311 dni Stany Zjednoczone
87%
16 Gertrude Weaver 116 lat 276 dni Stany Zjednoczone
87%
22 Elizabeth Bolden 116 lat 118 dni Stany Zjednoczone
87%
23 Besse Brown Cooper 116 lat 100 dni Stany Zjednoczone
87%
8 Emma Morano-Martinuzzi 117 lat 137 dni Włochy
87%
24 Maria Giuseppa Robucci-Nargiso 116 lat 90 dni Włochy
87%
7 Violet Brown 117 lat 189 dni Jamajka
26%
14 María Esther Capovilla 116 lat 347 dni Ekwador
17%
Nie znaleziono quizów pasujących do podanych kryteriów
Rozkład punktacji
Procent ludzi z każdym wynikiem
Percentyl według liczby udzielonych odpowiedzi
Twoja historia wyników
Nie rozwiązałeś tego quizu